[Event "Titled Tue 24th Jun Early"]
[Site "chess.com INT"]
[Date "2025.06.24"]
[Round "11"]
[White "Henriquez Villagra, Cristobal"]
[Black "Barseghyan, Armen Ar."]
[Result "0-1"]
[WhiteTitle "GM"]
[BlackTitle "IM"]
[WhiteElo "2597"]
[BlackElo "2348"]
[WhiteFideId "3409350"]
[BlackFideId "13306707"]
[EventDate "2025.06.24"]

1. d4 Nf6 2. Nd2 d5 3. c3 c5 4. dxc5 e6 5. b4 b6 6. cxb6 Qxb6 7. e3 Bd6 8. Ngf3
O-O 9. Be2 Nc6 10. O-O Ba6 11. a3 Ne5 12. Nxe5 Bxe5 13. Bb2 Rac8 14. Rc1 Bxe2
15. Qxe2 Nd7 16. Rc2 Qc7 17. f4 Bf6 18. e4 Nb6 19. e5 Be7 20. Nf3 Nc4 21. Bc1 a5
22. Nd4 Qb6 23. Kh1 axb4 24. axb4 Bxb4 25. Nxe6 fxe6 26. cxb4 Qxb4 27. h3 Qc5
28. Rf3 Qd4 29. Kh2 Rb8 30. Rd3 Qa7 31. Qg4 Qf7 32. Rdc3 Rb4 33. Qg3 Ra4 34. Rf2
g6 35. Rfc2 Rb8 36. h4 Kg7 37. Be3 Nxe3 38. Rxe3 Rxf4 39. Rc7 Qxc7 40. Qxf4 Rf8
41. Qg3 Rf5 42. Kh3 h5 43. Re2 Qc1 44. Kh2 Rf1 45. Qe3 Qxe3 46. Rxe3 Rf4 47. g3
Rf2+ 48. Kg1 Rc2 49. Kf1 g5 50. hxg5 Rc4 51. Rf3 Re4 0-1

[Event "Titled Tue 24th Jun Early"]
[Site "chess.com INT"]
[Date "2025.06.24"]
[Round "11"]
[White "Devaev, Alexander"]
[Black "Gibala, Adam"]
[Result "1-0"]
[WhiteTitle "FM"]
[BlackTitle "CM"]
[WhiteElo "2306"]
[BlackElo "2245"]
[WhiteFideId "4169395"]
[BlackFideId "21070288"]
[EventDate "2025.06.24"]

1. d4 Nf6 2. c4 e6 3. Nc3 d6 4. e4 Nbd7 5. Nf3 e5 6. d5 Be7 7. h3 c6 8. Be3 a6
9. Be2 cxd5 10. cxd5 O-O 11. a3 b5 12. O-O Bb7 13. Rc1 Rc8 14. Bd3 Nc5 15. Bc2
Ne8 16. Qd2 Rb8 17. b4 Nd7 18. a4 Nb6 19. Bb3 Nc4 20. Bxc4 bxc4 21. Qe2 Rc8 22.
Nd2 f5 23. exf5 Qd7 24. Nxc4 Qxf5 25. Nb6 Rd8 26. Rfd1 Nf6 27. Nc4 Nh5 28. Na5
Bc8 29. Nc6 Rde8 30. Nxe7+ Rxe7 31. Qc2 Qf7 32. Ne4 Bf5 33. Re1 Qg6 34. f3 Bxh3
35. Bg5 Ref7 36. gxh3 h6 37. Qg2 hxg5 38. Qxg5 Qxg5+ 39. Nxg5 Rf4 40. h4 Rxh4
41. Rc7 Rxb4 42. Ne6 Kh7 43. Nxf8+ Kh6 44. Ne6 Rxa4 45. Rf1 Ra2 46. Rc6 Ng3 47.
Rf2 Ra1+ 48. Kg2 Nf5 49. Nf8 Kg5 50. Rc7 Kf4 51. Ne6+ Ke3 52. Rc3# 1-0

[Event "Titled Tue 24th Jun Early"]
[Site "chess.com INT"]
[Date "2025.06.24"]
[Round "11"]
[White "Skiadopoulos, Nikolaos"]
[Black "Agarwal, Amaya"]
[Result "0-1"]
[WhiteTitle "CM"]
[BlackTitle "WCM"]
[WhiteElo "1882"]
[BlackElo "2004"]
[WhiteFideId "4200772"]
[BlackFideId "48733580"]
[EventDate "2025.06.24"]

1. e4 c5 2. b4 cxb4 3. d4 d6 4. Bc4 g6 5. Bb2 Bg7 6. Nd2 e6 7. Ngf3 Ne7 8. O-O
O-O 9. a3 bxa3 10. Rxa3 Nbc6 11. Qa1 Bd7 12. d5 Bxb2 13. Qxb2 exd5 14. exd5 Ne5
15. Nxe5 dxe5 16. Qxe5 Nf5 17. Ne4 f6 18. d6+ Kg7 19. Qa1 Bc6 20. Nc5 Qxd6 21.
Ne6+ Kh8 22. Nxf8 Rxf8 23. Rxa7 Qc5 24. Bd3 Qd5 25. f3 Ne3 26. Re1 Nxg2 27. Be4
Qg5 28. Bxc6 Nf4+ 29. Kf2 bxc6 30. Ree7 Qg2+ 31. Ke3 Nd5+ 32. Kd4 Qd2+ 33. Kc5
Qb4+ 34. Kxc6 Nxe7+ 35. Kd7 Nf5 36. Rc7 Qd4+ 37. Kc6 Qxa1 0-1

[Event "Titled Tue 24th Jun Early"]
[Site "chess.com INT"]
[Date "2025.06.24"]
[Round "11"]
[White "Abdsattar, Alisher"]
[Black "Jake Shanty"]
[Result "0-1"]
[WhiteTitle "CM"]
[BlackTitle "FM"]
[WhiteElo "2030"]
[BlackElo "2252"]
[WhiteFideId "13749358"]
[BlackFideId "33478066"]
[EventDate "2025.06.24"]

1. e4 c5 2. Nf3 d6 3. d4 cxd4 4. Nxd4 Nf6 5. Nc3 a6 6. Be3 e5 7. Nb3 Be6 8. h3
Be7 9. Be2 Nbd7 10. Qd2 Qc7 11. g4 Nb6 12. g5 Nfd7 13. h4 Nc4 14. Bxc4 Bxc4 15.
O-O-O Rc8 16. Kb1 b5 17. f4 a5 18. Nd5 Bxd5 19. exd5 a4 20. Na5 O-O 21. Nc6 exf4
22. Nxe7+ Kh8 23. Bxf4 Rce8 24. Nf5 Ne5 25. h5 Nc4 26. Qd4 f6 27. h6 gxh6 28.
gxf6 Rf7 29. Rxh6 Re2 30. Qd3 Rf2 31. Ng7 Rxg7 32. fxg7+ Qxg7 33. Qd4 Rxf4 34.
Qxg7+ Kxg7 35. Re6 Rg4 36. a3 h5 37. Rh1 h4 38. b3 axb3 39. cxb3 Nd2+ 40. Kc2
Ne4 41. Re1 Ng5 42. Re7+ Kg6 43. R7e6+ Nxe6 44. dxe6 Rg2+ 45. Kc3 Rg3+ 0-1

[Event "Titled Tue 24th Jun Early"]
[Site "chess.com INT"]
[Date "2025.06.24"]
[Round "11"]
[White "Jasinski, Alexander"]
[Black "Kjaergaard-Jensen, Jesper"]
[Result "1-0"]
[BlackTitle "CM"]
[WhiteElo "1989"]
[BlackElo "2081"]
[WhiteFideId "55627994"]
[BlackFideId "1406990"]
[EventDate "2025.06.24"]

1. e4 Nf6 2. d3 d5 3. Nd2 dxe4 4. dxe4 Nc6 5. g3 Bg4 6. Ngf3 Ne5 7. Bg2 Nxf3+ 8.
Bxf3 Bh3 9. Qe2 e5 10. Nc4 Bb4+ 11. c3 Bc5 12. Bd2 Qe7 13. O-O-O O-O-O 14. Bg5
h6 15. Bxf6 gxf6 16. Ne3 Bxe3+ 17. Qxe3 Kb8 18. Rhg1 Be6 19. Kb1 f5 20. exf5
Bxf5+ 21. Be4 Qf6 22. Rde1 Bxe4+ 23. Qxe4 Rd2 24. Qxe5 Qxe5 25. Rxe5 Rxf2 26.
Rge1 Kc8 27. R1e2 Rf6 28. Kc2 Rd8 29. a4 c6 30. Re7 Rd7 31. Re8+ Kc7 32. R8e5 b6
33. b4 a6 34. Kb3 b5 35. axb5 axb5 36. Ra2 Rd3 37. Re7+ Kb8 38. Rc2 Rff3 39. Kb2
Kc8 40. Re4 Kd7 41. Rh4 Rf6 42. Re2 Rdd6 43. Kc2 Rde6 44. Rd2+ Kc7 45. Rhd4 Rd6
46. Rxd6 Rxd6 47. Rf2 f6 48. Rf4 Kd7 49. Rh4 f5 50. Rh5 Rf6 51. Kd3 Ke6 52. Kd4
f4 53. gxf4 Rxf4+ 54. Ke3 Rc4 55. Rxh6+ Kf5 56. Kd3 Kg5 57. Rh8 Kg4 58. h4 Kf3
59. h5 Kf4 60. h6 Kg5 61. Rd8 Kg6 62. Rd4 1-0

[Event "Titled Tue 24th Jun Early"]
[Site "chess.com INT"]
[Date "2025.06.24"]
[Round "11"]
[White "Alikulov, Elbek"]
[Black "Beyer, Lorenz"]
[Result "1/2-1/2"]
[WhiteTitle "IM"]
[BlackTitle "CM"]
[WhiteElo "2305"]
[BlackElo "2226"]
[WhiteFideId "14203308"]
[BlackFideId "16245393"]
[EventDate "2025.06.24"]

1. e4 e6 2. d4 d5 3. Nd2 c5 4. Ngf3 cxd4 5. exd5 Qxd5 6. Bc4 Qd6 7. O-O Nf6 8.
Nb3 Nc6 9. Nbxd4 Nxd4 10. Nxd4 a6 11. c3 Be7 12. Re1 O-O 13. Bb3 b5 14. Qf3 Rb8
15. Bf4 Qb6 16. Bxb8 Qxb8 17. Nc6 Qc7 18. Nxe7+ Qxe7 19. Rad1 Bb7 20. Qg3 Qc5
21. Re5 Qc6 22. f3 Qb6+ 23. Qf2 Qc7 24. Re2 a5 25. Red2 a4 26. Bc2 a3 27. bxa3
Qxc3 28. Bb3 Qa5 29. Qc5 h6 30. Qe7 Bd5 31. Qb4 Qa7+ 32. Kh1 Ra8 33. Qxb5 Qxa3
34. Rc2 Qa7 35. Rdc1 Qe3 36. Qe2 Qg5 37. Qd3 g6 38. Rc8+ Rxc8 39. Rxc8+ Kh7 40.
a4 Bxb3 41. Qxb3 Qd2 42. Qb1 Nd5 43. Rc2 Qd3 44. Rb2 Qa3 45. Ra2 Qd6 46. Qa1 Qc5
47. a5 Nb4 48. Rb2 Nd3 49. a6 Qa7 50. Rb7 Nf2+ 51. Kg1 Nh3+ 52. Kh1 Nf2+ 53. Kg1
Nh3+ 54. Kh1 Nf2+ 1/2-1/2

[Event "Titled Tue 24th Jun Early"]
[Site "chess.com INT"]
[Date "2025.06.24"]
[Round "11"]
[White "De Boer, Eelke"]
[Black "Weerasekara, Dishal Nimsara"]
[Result "0-1"]
[WhiteTitle "IM"]
[BlackTitle "FM"]
[WhiteElo "2409"]
[BlackElo "2125"]
[WhiteFideId "1048120"]
[BlackFideId "9997431"]
[EventDate "2025.06.24"]

1. e4 c6 2. d4 d5 3. e5 c5 4. Nf3 cxd4 5. Nxd4 Nc6 6. Nxc6 bxc6 7. Bd3 e6 8. O-O
Ne7 9. Re1 Qc7 10. Nd2 Ng6 11. Nf3 Bd7 12. h4 f6 13. exf6 gxf6 14. h5 Ne5 15.
Nxe5 fxe5 16. Qg4 Bd6 17. Bxh7 O-O-O 18. Bg6 e4 19. Bg5 Rdf8 20. c4 Bh2+ 21. Kf1
Qb6 22. Re2 e5 23. Qh4 Bf4 24. cxd5 cxd5 25. Bxf4 Rxf4 26. Qe7 Bb5 27. Rc1+ Bc4
28. Rxc4+ dxc4 29. Qxe5 Rhf8 30. Ke1 Rxf2 31. Qg3 Rf1+ 32. Kd2 Qd4+ 33. Kc2 Qd3+
34. Qxd3 exd3+ 35. Bxd3 cxd3+ 36. Kxd3 Rh1 37. g4 Rg8 38. Rg2 Rh4 39. h6 Rxh6
40. Ke4 Rb6 41. b3 Rb4+ 42. Kf5 Rb5+ 43. Kf4 Rbg5 44. a4 a5 45. Rg3 Kb7 46. Rg1
Kb6 47. Kf3 Kc5 48. Kf4 Kb4 49. Rg3 R8g7 50. Kf3 Kxb3 51. Kf4+ 0-1

[Event "Titled Tue 24th Jun Early"]
[Site "chess.com INT"]
[Date "2025.06.24"]
[Round "11"]
[White "Baskakov, Egor"]
[Black "Kozlov, Oleg"]
[Result "1-0"]
[WhiteTitle "CM"]
[BlackTitle "IM"]
[WhiteElo "2215"]
[BlackElo "2253"]
[WhiteFideId "24197866"]
[BlackFideId "4104544"]
[EventDate "2025.06.24"]

1. e4 c5 2. Nf3 e6 3. g3 Nc6 4. Bg2 Nf6 5. Nc3 d5 6. exd5 Nxd5 7. O-O Be7 8. Re1
Nf6 9. d3 O-O 10. Be3 Nd4 11. h3 Rb8 12. Ne4 b6 13. Bf4 Rb7 14. Nxd4 cxd4 15.
Be5 Rd7 16. Nxf6+ Bxf6 17. a4 Bxe5 18. Rxe5 Qc7 19. Re2 Bb7 20. Bxb7 Qxb7 21. a5
b5 22. a6 Qb6 23. Re5 Rc8 24. Qd2 f6 25. Re2 Rd6 26. Qb4 Qc5 27. Qb3 Rcc6 28.
Rae1 Kf7 29. c3 dxc3 30. bxc3 Qxc3 31. Qxb5 Rb6 32. Qh5+ Kf8 33. Qxh7 Qxd3 34.
Qh8+ Kf7 35. Re3 Qxa6 36. h4 Qb5 37. h5 Qg5 38. Ra3 a6 39. Rc3 Rbc6 40. Rb3 Rb6
41. Rxb6 Rxb6 42. Qc8 Qa5 43. Rc1 Qxh5 44. Rc7+ Kg6 45. Qe8+ Kh6 46. Qh8+ Kg5
47. Rxg7+ 1-0

[Event "Titled Tue 24th Jun Early"]
[Site "chess.com INT"]
[Date "2025.06.24"]
[Round "11"]
[White "Vasquez Schroeder, Rodrigo"]
[Black "Storn, Justin"]
[Result "0-1"]
[WhiteTitle "GM"]
[WhiteElo "2446"]
[BlackElo "2073"]
[WhiteFideId "3400042"]
[BlackFideId "30922720"]
[EventDate "2025.06.24"]

1. e4 g6 2. d4 Bg7 3. Nf3 d6 4. Bc4 a6 5. O-O b5 6. Bd5 c6 7. Bb3 Bb7 8. Qe2 e6
9. e5 d5 10. Bg5 Qb6 11. Nbd2 c5 12. dxc5 Qxc5 13. c3 Nd7 14. Bc2 Ne7 15. Nb3
Qc7 16. Rfe1 Nc6 17. Bf4 h6 18. h3 g5 19. Bg3 Nb6 20. Nbd4 Nc4 21. Bd3 h5 22.
Nxc6 Bxc6 23. Nxg5 h4 24. Bh2 O-O-O 25. b3 Nb6 26. Nf3 Kb8 27. Nd4 Bb7 28. Rac1
Rdg8 29. Bf4 Bf8 30. Qe3 Ba3 31. Rc2 Nd7 32. b4 Nb6 33. Kh2 Na4 34. f3 Nxc3 35.
Bf1 Bxb4 36. Rec1 Rc8 37. a3 Ba5 38. Ne2 d4 39. Nxd4 Qd7 40. Rxc3 Rxc3 41. Rxc3
Bxc3 42. Qxc3 Rc8 43. Qb2 Qd5 44. Ne2 Qd1 45. Kg1 Rc2 46. Qd4 Qxd4+ 47. Nxd4 Ra2
48. Bc1 Ra1 49. Bb2 Ra2 50. Bc3 Rxa3 51. Bb4 Ra1 52. Nb3 Rb1 53. Bd6+ Ka7 54.
Bc5+ Kb8 55. Na5 Bd5 56. Kf2 b4 57. Bd3 Rb2+ 58. Ke3 Ra2 59. Bxb4 Ka7 60. Be2
Kb6 61. Bc4 Bxc4 62. Nxc4+ Kb5 63. Nd6+ Kxb4 64. Nxf7 Rxg2 65. Ng5 Rxg5 0-1

[Event "Titled Tue 24th Jun Early"]
[Site "chess.com INT"]
[Date "2025.06.24"]
[Round "11"]
[White "Li, Hui"]
[Black "Milare, Tyron"]
[Result "0-1"]
[WhiteTitle "CM"]
[BlackTitle "FM"]
[WhiteElo "2041"]
[BlackElo "2248"]
[WhiteFideId "15400310"]
[BlackFideId "12987018"]
[EventDate "2025.06.24"]

1. e4 c5 2. Nf3 d6 3. d4 g6 4. Nc3 Bg7 5. Be3 Nf6 6. dxc5 Qa5 7. Bb5+ Nbd7 8.
O-O dxc5 9. h3 O-O 10. e5 Nh5 11. Bxd7 Rd8 12. g4 Bxd7 13. Qe2 Qb4 14. Nd5 Qe4
15. Nc3 Nf4 16. Nxe4 Nxe2+ 17. Kg2 Bc6 18. Ng3 Nd4 19. Bxd4 Rxd4 20. Rfe1 Rad8
21. Re3 Rd2 22. Rc1 Bh6 23. Rc3 Rxf2+ 24. Kxf2 Bxc1 25. Rxc5 Bxb2 26. Rc4 Bd5
27. Rc7 Bxf3 28. Kxf3 Bxe5 29. Rxb7 Rc8 30. Ne4 f5 31. gxf5 gxf5 32. Ng3 Rc3+
33. Ke2 Rxg3 34. Rxe7 Bd4 35. Re8+ Kf7 36. Rc8 Bb6 37. c4 Re3+ 38. Kd2 Rxh3 39.
c5 Ba5+ 40. Ke2 Rc3 41. c6 Bb6 42. Rh8 Kg7 43. Rc8 f4 44. a4 f3+ 45. Kd2 Ba5 0-1

[Event "Titled Tue 24th Jun Early"]
[Site "chess.com INT"]
[Date "2025.06.24"]
[Round "11"]
[White "Arakelyan, Manvel"]
[Black "Samsonkin, Artiom"]
[Result "0-1"]
[WhiteTitle "FM"]
[BlackTitle "IM"]
[WhiteElo "2326"]
[BlackElo "2361"]
[WhiteFideId "13317415"]
[BlackFideId "13503111"]
[EventDate "2025.06.24"]

1. e4 c5 2. Nf3 e6 3. c3 d5 4. exd5 exd5 5. d4 Nf6 6. Bb5+ Bd7 7. Bxd7+ Nbxd7 8.
O-O Be7 9. dxc5 Nxc5 10. Be3 O-O 11. Nbd2 Rc8 12. Nb3 Nce4 13. Qd3 b6 14. Rad1
Bd6 15. h3 Re8 16. Rfe1 Bb8 17. Nbd4 Qd7 18. Ne2 Qa4 19. a3 Qb3 20. Rb1 Qc4 21.
Red1 Nc5 22. Qc2 Ne6 23. Ned4 Qc7 24. Qf5 Nc5 25. Re1 Nce4 26. Ne2 Qd8 27. h4
Nd6 28. Qh3 Nc4 29. Bd4 Ne4 30. Ng3 Bxg3 31. fxg3 Qd6 32. Kh2 h5 33. Re2 Qg6 34.
Rbe1 Re6 35. Ng5 Nxg5 36. hxg5 Rce8 37. Rxe6 Rxe6 38. Rxe6 fxe6 39. g4 Qxg5 40.
gxh5 e5 41. Bf2 Kh7 42. Qd3+ e4 43. Qe2 Qf4+ 44. Bg3 Qf5 45. b3 Nxa3 46. Qa2 Nb5
47. Qa4 Nxc3 48. Qxa7 Ne2 49. h6 Qh5+ 0-1

[Event "Titled Tue 24th Jun Early"]
[Site "chess.com INT"]
[Date "2025.06.24"]
[Round "11"]
[White "Karttunen, Mika"]
[Black "Askarov, Bakhtiyar"]
[Result "0-1"]
[WhiteTitle "IM"]
[BlackTitle "IM"]
[WhiteElo "2490"]
[BlackElo "2297"]
[WhiteFideId "502081"]
[BlackFideId "13701100"]
[EventDate "2025.06.24"]

1. e4 d5 2. exd5 Qxd5 3. Nc3 Qd8 4. d4 g6 5. Nf3 Bg7 6. Bf4 a6 7. h3 Nf6 8. Ne5
O-O 9. Bc4 b5 10. Qf3 Ra7 11. Bb3 Bb7 12. Qe3 b4 13. Na4 Bxg2 14. Rg1 Nd5 15.
Qg3 Nxf4 16. Qxf4 Bd5 17. Nc5 a5 18. Ba4 c6 19. O-O-O Qd6 20. Qe3 Na6 21. Ncd3
Rc7 22. Kb1 e6 23. f4 Rfc8 24. Nc5 Nxc5 25. dxc5 Qe7 26. Qf2 Bf8 27. Nd3 Be4 28.
Rc1 Rd8 29. Qe3 Bf5 30. Ne5 Qxc5 31. Qg3 Bg7 32. h4 Rd2 33. h5 Rc8 34. hxg6 hxg6
35. Rh1 Qf2 36. Qb3 c5 37. Nc6 Rc7 38. Rhd1 Bf6 39. Rxd2 Qxd2 40. Qc4 Qd5 41.
Qb5 Kg7 42. Qb6 Rc8 43. Qxa5 Rxc6 44. Bxc6 Qxc6 45. Re1 Qg2 46. Qa4 Qd2 47. Rc1
Qxf4 48. Qb5 Qf2 49. Qc4 Bd4 50. a4 bxa3 51. bxa3 Qd2 52. a4 Qa5 53. Qb5 Qc3 54.
Ka2 Be4 55. Qb3 Bd5 0-1

[Event "Titled Tue 24th Jun Early"]
[Site "chess.com INT"]
[Date "2025.06.24"]
[Round "11"]
[White "Dann, Matthias"]
[Black "Chylewski, Patryk"]
[Result "1-0"]
[WhiteTitle "IM"]
[BlackTitle "IM"]
[WhiteElo "2446"]
[BlackElo "2313"]
[WhiteFideId "24638056"]
[BlackFideId "1186191"]
[EventDate "2025.06.24"]

1. e4 c5 2. Nf3 Nc6 3. d4 cxd4 4. Nxd4 e6 5. Nc3 Qc7 6. Be2 a6 7. Nxc6 bxc6 8.
Qd3 d5 9. Qg3 Qxg3 10. hxg3 Nf6 11. exd5 cxd5 12. Na4 Bb7 13. Bf4 Nd7 14. f3 e5
15. Bd2 Nc5 16. Nxc5 Bxc5 17. g4 f6 18. Bd3 h6 19. Bg6+ Ke7 20. O-O-O Rhd8 21.
Rhe1 Rac8 22. Kb1 Bc6 23. Be3 Bxe3 24. Rxe3 Rb8 25. b3 a5 26. Rc3 Rd6 27. Rc5
Rb5 28. Rdxd5 Rxd5 29. Rxc6 Rbc5 30. Ra6 Rd6 31. Ra7+ Rd7 32. Ra8 Rd2 33. Bf5
Rxg2 34. Ra7+ Ke8 35. Rxg7 Kf8 36. Rh7 Rh2 37. a4 Rc3 38. Be4 Rc5 39. Kb2 Rh3
40. Rb7 Rh2 41. Rb5 Rxb5 42. axb5 Ke7 43. b6 Kd6 44. Kc3 h5 45. gxh5 Rxh5 46.
Kc4 Rh8 47. Kb5 Rf8 48. Bf5 Rb8 49. c4 Rd8 50. c5+ Kd5 51. c6 Rh8 52. c7 Kd6 53.
c8=Q Rxc8 54. Bxc8 Kd5 55. Bf5 1-0

[Event "Titled Tue 24th Jun Early"]
[Site "chess.com INT"]
[Date "2025.06.24"]
[Round "11"]
[White "Llari, Marc"]
[Black "Fizer, Marek"]
[Result "1-0"]
[WhiteTitle "FM"]
[BlackTitle "CM"]
[WhiteElo "2334"]
[BlackElo "2186"]
[WhiteFideId "651044269"]
[BlackFideId "391980"]
[EventDate "2025.06.24"]

1. Nf3 d5 2. c4 d4 3. b4 g5 4. Bb2 Bg7 5. d3 g4 6. Nfd2 e5 7. c5 Ne7 8. g3 Be6
9. Bg2 Bd5 10. O-O a5 11. b5 c6 12. a4 Nd7 13. Bxd5 Nxd5 14. Nb3 h5 15. N1d2 h4
16. Nc4 Qf6 17. Nd6+ Ke7 18. e4 Nb4 19. Ba3 Rh5 20. Bxb4 axb4 21. Qxg4 Rah8 22.
Nf5+ Kf8 23. Qxg7+ Qxg7 24. Nxg7 Kxg7 25. Kg2 f5 26. exf5 Rxf5 27. Rae1 h3+ 28.
Kg1 Ra8 29. bxc6 bxc6 30. a5 Rf3 31. Rd1 Kf7 32. Rfe1 Kg6 33. Re4 Kf5 34. Kf1
Nf6 35. Rh4 Ng4 36. Rd2 Nxh2+ 37. Kg1 Ng4 38. Rxh3 Ke6 39. Kg2 Rff8 40. Rh4 Rg8
41. Re2 Kd5 42. Rh5 Raf8 43. Rh7 Rd8 44. a6 Ra8 45. Rd7+ Ke6 46. Rd6+ Ke7 47.
Nxd4 Kf7 48. Nxc6 b3 49. a7 Rg6 50. Rxg6 Kxg6 51. Rb2 Kf5 52. Rxb3 Ke6 53. Rb8 1-0

[Event "Titled Tue 24th Jun Early"]
[Site "chess.com INT"]
[Date "2025.06.24"]
[Round "11"]
[White "Tikhonov, Viacheslav"]
[Black "Shuvalov, Evgenij"]
[Result "1/2-1/2"]
[WhiteTitle "CM"]
[WhiteElo "2183"]
[BlackElo "1986"]
[WhiteFideId "44196407"]
[BlackFideId "4187237"]
[EventDate "2025.06.24"]

1. e4 e6 2. d4 d5 3. Nc3 Bb4 4. Ne2 Nc6 5. a3 Ba5 6. b4 Bb6 7. Bb2 Nge7 8. g3 e5
9. Bg2 dxe4 10. d5 Nd4 11. Nxe4 Bg4 12. Bxd4 Bxd4 13. c3 Bb6 14. h3 Bh5 15. g4
Bg6 16. c4 c5 17. O-O Bxe4 18. Bxe4 O-O 19. d6 Nc6 20. Bxc6 bxc6 21. Ng3 Qh4 22.
Kg2 Rad8 23. Qd3 g6 24. f4 exf4 25. Rxf4 Rd7 26. Ne4 f5 27. Nxc5 Bxc5 28. bxc5
fxg4 29. Rxf8+ Kxf8 30. Rf1+ Kg8 31. Qg3 gxh3+ 32. Qxh3 Qe4+ 33. Kh2 Qe2+ 34.
Kg1 Rf7 35. Qc8+ Kg7 36. Rxf7+ Kxf7 37. Qd7+ Kf6 38. Qxc6 Qe1+ 39. Kg2 Qe2+ 40.
Kg3 Qe1+ 41. Kf4 Qf2+ 42. Kg4 Qd4+ 43. Kf3 Qd3+ 44. Kf2 Qd2+ 45. Kf1 Qd1+ 46.
Kg2 Qe2+ 47. Kg3 Qe1+ 48. Kh2 Qh4+ 49. Kg1 Qe1+ 50. Kg2 Qe2+ 1/2-1/2

[Event "Titled Tue 24th Jun Early"]
[Site "chess.com INT"]
[Date "2025.06.24"]
[Round "11"]
[White "Mateus, Martha"]
[Black "Gavarrete, Nahun"]
[Result "0-1"]
[WhiteTitle "WIM"]
[BlackTitle "FM"]
[WhiteElo "1972"]
[BlackElo "2281"]
[WhiteFideId "4401549"]
[BlackFideId "8400709"]
[EventDate "2025.06.24"]

1. d4 d5 2. c4 e6 3. Nc3 Nf6 4. cxd5 exd5 5. Bg5 c6 6. e3 Be7 7. Bd3 Nbd7 8.
Nge2 O-O 9. O-O h6 10. Bh4 Nb6 11. f3 Re8 12. Qd2 Be6 13. Rae1 Bd6 14. h3 Bc7
15. e4 Nxe4 16. fxe4 Qxh4 17. e5 Nc4 18. Bxc4 dxc4 19. Rf4 Qg5 20. h4 Qg6 21.
Ref1 Rad8 22. Qe3 Re7 23. Qf3 Bd5 24. Nxd5 cxd5 25. h5 Qe6 26. Ng3 Rdd7 27. Nf5
Re8 28. Qg4 f6 29. Nxh6+ Kh8 30. Qg6 gxh6 31. Rxf6 Qg8 32. Qxh6+ Rh7 33. Qf4 Bd8
34. Rg6 Rg7 35. Qh6+ Qh7 36. Qf4 Rxg6 37. hxg6 Qxg6 38. Qh2+ Qh7 39. Qg3 Rg8 40.
Qf3 Qg6 41. Kf2 Bh4+ 42. Ke2 Qxg2+ 43. Rf2 Bxf2 44. Qh5+ Kg7 0-1

[Event "Titled Tue 24th Jun Early"]
[Site "chess.com INT"]
[Date "2025.06.24"]
[Round "11"]
[White "Tiitta, Sauli"]
[Black "Duarte Cramer, Lily Jeanette"]
[Result "1/2-1/2"]
[BlackTitle "WCM"]
[WhiteElo "2157"]
[BlackElo "1828"]
[WhiteFideId "502251"]
[BlackFideId "29620180"]
[EventDate "2025.06.24"]

1. g4 d5 2. h3 c5 3. c4 e6 4. Bg2 Nc6 5. Nc3 Nge7 6. d3 d4 7. Ne4 Ng6 8. Nf3 Be7
9. g5 Nge5 10. h4 Nxf3+ 11. Bxf3 e5 12. Qb3 Qc7 13. Qb5 a6 14. Qb3 Bf5 15. Bd2
Rb8 16. O-O-O b5 17. h5 bxc4 18. Qxc4 Bxe4 19. Bxe4 Nb4 20. Kb1 Qa5 21. Bxb4
Rxb4 22. Bc6+ Kf8 23. Qd5 Qb6 24. Rd2 Bxg5 25. f4 Bxf4 26. Rf1 Qc7 27. Qxc5+ Qe7
28. Rc2 Qxc5 29. Rxc5 Ke7 30. Be4 Rhb8 31. b3 f6 32. Rc7+ Kf8 33. Bxh7 R4b7 34.
Rc4 Rb4 35. Be4 Rxc4 36. dxc4 Ke7 37. c5 Rh8 38. Rg1 Bg5 39. Bf3 Kd7 40. b4 Kc7
41. Kc2 Rb8 42. a3 a5 43. Rb1 axb4 44. axb4 Rb5 45. Kd3 f5 46. Kc4 Rb8 47. b5 e4
48. b6+ Kc6 49. Bg2 Be7 50. Bh3 Bxc5 51. Bxf5 Rxb6 52. Bxe4+ Kd6 53. Rg1 Rb4+
54. Kd3 Rb3+ 55. Kc4 Rc3+ 56. Kb5 Rb3+ 57. Kc4 Rc3+ 58. Kb5 Rb3+ 59. Kc4 1/2-1/2

[Event "Titled Tue 24th Jun Early"]
[Site "chess.com INT"]
[Date "2025.06.24"]
[Round "11"]
[White "Shimanov, Aleksandr"]
[Black "Mendonca, Leon Luke"]
[Result "1-0"]
[WhiteTitle "GM"]
[BlackTitle "GM"]
[WhiteElo "2578"]
[BlackElo "2603"]
[WhiteFideId "4198603"]
[BlackFideId "35028561"]
[EventDate "2025.06.24"]

1. e4 c6 2. d4 d5 3. Nc3 dxe4 4. Nge2 Nf6 5. Ng3 Bg4 6. Be2 Bxe2 7. Qxe2 e6 8.
Bf4 Bb4 9. O-O O-O 10. Ncxe4 Nxe4 11. Nxe4 Nd7 12. Rad1 Nf6 13. Nxf6+ Qxf6 14.
Be5 Qe7 15. Rd3 Bd6 16. Qg4 Bxe5 17. dxe5 Rad8 18. Rfd1 Rd5 19. Qe4 Qc5 20. Rxd5
cxd5 21. Qd3 b5 22. a3 a5 23. h4 Rc8 24. Rd2 b4 25. a4 Qc4 26. Qxc4 Rxc4 27. g3
f6 28. exf6 gxf6 29. Kf1 Kf7 30. Ke2 Ke7 31. Kd1 Kd6 32. Rd3 e5 33. Rf3 Ke6 34.
Kd2 f5 35. b3 Rc7 36. c3 e4 37. Re3 Ke5 38. cxb4 axb4 39. Re1 d4 40. Rc1 Rc3 41.
Rxc3 bxc3+ 42. Kc2 Kd5 43. a5 Kc5 44. h5 h6 45. b4+ Kxb4 46. a6 d3+ 47. Kc1 Kb3
48. a7 c2 49. a8=Q 1-0

[Event "Titled Tue 24th Jun Early"]
[Site "chess.com INT"]
[Date "2025.06.24"]
[Round "11"]
[White "La Fleur, Zara"]
[Black "Boramanikar, Tanisha S"]
[Result "1-0"]
[WhiteTitle "WCM"]
[BlackTitle "WCM"]
[WhiteElo "1745"]
[BlackElo "1743"]
[WhiteFideId "7703848"]
[BlackFideId "35023454"]
[EventDate "2025.06.24"]

1. e4 c5 2. Nf3 Nc6 3. d4 cxd4 4. Nxd4 Nf6 5. Nc3 e5 6. Nb3 Bb4 7. Qd3 d5 8.
exd5 Nxd5 9. Bd2 Bxc3 10. bxc3 O-O 11. Be2 Re8 12. O-O e4 13. Qg3 f5 14. a3 Be6
15. c4 Nb6 16. Bc3 Qe7 17. c5 Nd5 18. Bd2 Rf8 19. f4 Rad8 20. c4 Nf6 21. Bc3 b6
22. cxb6 axb6 23. Qe3 Qc7 24. Rac1 Ra8 25. Bb2 Na5 26. Nxa5 Rxa5 27. h3 Rfa8 28.
Qg3 Kh8 29. Qh4 Qc5+ 30. Kh1 Qe7 31. Qg3 Ra4 32. Qe3 Nd7 33. Qd4 Rc8 34. Rfd1 b5
35. Qc3 bxc4 36. Qd4 Nc5 37. Bxc4 Bxc4 38. Rxc4 Rxc4 39. Qxc4 Rb8 40. Qd4 Nd3
41. Rxd3 exd3 42. Kh2 1-0

[Event "Titled Tue 24th Jun Early"]
[Site "chess.com INT"]
[Date "2025.06.24"]
[Round "11"]
[White "Vignesh, N R"]
[Black "Chigaev, Maksim"]
[Result "1/2-1/2"]
[WhiteTitle "GM"]
[BlackTitle "GM"]
[WhiteElo "2531"]
[BlackElo "2635"]
[WhiteFideId "25012215"]
[BlackFideId "4108116"]
[EventDate "2025.06.24"]

1. e4 c5 2. Nf3 g6 3. c3 d5 4. exd5 Qxd5 5. d4 Bg7 6. Na3 cxd4 7. Bc4 Qe4+ 8.
Be3 Nh6 9. Nb5 O-O 10. cxd4 Nc6 11. h3 Nf5 12. Qe2 Nd6 13. Bd3 Qd5 14. Nc3 Qa5
15. O-O Bf5 16. Rfd1 Bxd3 17. Rxd3 Rfe8 18. d5 Nb4 19. Rdd1 Bxc3 20. bxc3 Nxd5
21. Bd2 Qc7 22. Qe5 Nf6 23. Bg5 Nd7 24. Qg3 f6 25. Bf4 e5 26. Bd2 Nf5 27. Qg4
Rad8 28. Qe4 Qc6 29. Qxc6 bxc6 30. g4 Ng7 31. Be3 Nb6 32. Rxd8 Rxd8 33. a4 Ne6
34. a5 Nc8 35. Rb1 Kf7 36. Rb7+ Kg8 37. Bxa7 Nxa7 38. Rxa7 e4 39. Nd4 Nxd4 40.
cxd4 Rxd4 41. Rc7 Ra4 42. Rxc6 Rxa5 43. Rxf6 Re5 44. Kf1 e3 45. fxe3 Rxe3 46.
Kg2 Kg7 47. Rf3 Re2+ 48. Kg3 Re7 49. g5 h6 50. h4 hxg5 51. hxg5 Re5 52. Kg4 Re4+
53. Rf4 Re7 54. Rd4 Ra7 55. Re4 Rf7 56. Rf4 Ra7 57. Re4 Rf7 58. Rf4 Ra7 59. Re4 1/2-1/2